Manual del ganadero

Guardat en:
Dades bibliogràfiques
Autor principal: Ensminger, M. E (Autor)
Format: Llibre
Idioma:espanyol
Publicat: Buenos Aires El Ateneo 1973
Edició:4a. ed
Col·lecció:Biblioteca de Producción animal
Matèries:
Etiquetes: Afegir etiqueta
Sense etiquetes, Sigues el primer a etiquetar aquest registre!

MARC

LEADER 00000nam a2200000 a 4500
001 UCR0090
003 CL-VaPUC
008 971129e19730000AG |||||||||||||||||spa|d
082 0 4 |a 636.08  |b ENS  |2 21 
100 0 |a Ensminger, M. E  |e author  |9 395534 
245 1 0 |a Manual del ganadero 
250 |a 4a. ed 
300 |a 798 p 
942 |c BK 
945 |d 19971129 00:00:00  |a rleighto 
260 |a Buenos Aires  |b El Ateneo  |c 1973 
650 7 |a GANADO  |2 CL-VaPUC  |9 395535 
650 0 |a Alimentación animal  |9 393779 
650 0 |a Nutrición animal  |9 389503 
650 7 |a ENSILAJE  |2 CL-VaPUC  |9 264452 
650 7 |a SANIDAD ANIMAL  |2 CL-VaPUC  |9 395537 
650 0 |a Prevención de enfermedades  |9 393975 
650 7 |a SELECCION  |2 CL-VaPUC  |9 395538 
650 0 |a Comercialización   |9 259326 
650 7 |a GANADO PARA CARNE  |2 CL-VaPUC  |9 395468 
650 0 |a Razas  |9 326658 
583 |a last modification  |c 19971129 00:00:00  |k Rodrigo Vera 
490 0 |a Biblioteca de Producción animal 
999 |c 263745  |d 263743 
952 |0 0  |1 0  |4 0  |6 636_080000000000000_ENS_1973  |7 0  |8 A  |9 293209  |a BIBALI  |b BIBALI  |c GEN  |d 2019-11-19  |i 1974513  |o 636.08 ENS 1973  |p 1974513  |r 2025-01-20  |w 2019-11-19  |y BK  |k ALI